| 000 | 00753nam a2200229 a 4500 | ||
|---|---|---|---|
| 001 | 45803 | ||
| 003 | BD-RjUL | ||
| 005 | 20211209054053.0 | ||
| 008 | 270716s19521965enk 000 0 eng | ||
| 035 | _a(BD-RjUL)45921 | ||
| 040 |
_aDLC _cDLC _dBD-RjUL _beng |
||
| 041 | _aeng | ||
| 082 |
_a330.942 _bLEP 1965 |
||
| 100 | 1 |
_aLewis, W. Arthur _q(William Arthur), _d1915-1991. _9140094 |
|
| 245 | 1 | 4 |
_aThe principles of economic planning : _ba study prepared for the Fabian Society / _c[by] W. Arthur Lewis |
| 250 | _a2nd ed. / | ||
| 260 |
_aLondon : _bAllen & Unwin, _c1952 [Impression 1954, 1965] |
||
| 300 |
_a128 p. ; _c22 cm |
||
| 650 | 0 |
_aEconomic policy _9140095 _zGreat Britain |
|
| 710 | 2 |
_aFabian Society (Great Britain) _9133105 |
|
| 942 |
_2ddc _cBK |
||
| 999 |
_c45803 _d45803 |
||